[Event "Caracas Altamira Village"]
[Site "Caracas"]
[Date "2024.02.18"]
[Round "2.5"]
[White "Pena Duran, Dilson Alejandro"]
[Black "Mendoza Aguilar, Gustavo Andres"]
[Result "0-1"]
[WhiteElo "2082"]
[BlackElo "2133"]
[PlyCount "56"]
[EventDate "2024.02.17"]
[EventType "tourn"]
[EventRounds "9"]
[EventCountry "VEN"]
[SourceTitle "CB10_2024"]
[SourceDate "2024.03.06"]
[SourceVersion "1"]
[SourceVersionDate "2024.03.06"]
[SourceQuality "1"]

1. e4 e5 2. Nf3 d6 3. d4 exd4 4. Nxd4 Nc6 5. Nc3 Nf6 6. Bc4 Be7 7. 0-0 0-0 8. Nxc6 bxc6 9. h3 Rb8 10. Be3 Be6 11. Bxe6 fxe6 12. b3 c5 13. Qd3 d5 14. exd5 exd5 15. Bg5 c6 16. Rae1 Qd7 17. Qe2 Kf7 18. Na4 c4 19. bxc4 Rb4 20. Bxf6 gxf6 21. Nc3 Rxc4 22. Qd3 Kg7 23. Ne2 Kh8 24. Nd4 Bb4 25. Re2 Rg8 26. Rb1 Bc3 27. Qf5 Qg7 28. Qf3 Bxd4 0-1

[Event "VEN-ch"]
[Site "Barquisimeto"]
[Date "2019.04.18"]
[Round "9"]
[White "Mendoza Aguilar, Gustavo Andres"]
[Black "Rodriguez, Orlando Alexis"]
[Result "1-0"]
[WhiteElo "2145"]
[BlackElo "1976"]
[PlyCount "69"]
[EventDate "2019.04.13"]
[EventType "swiss"]
[EventRounds "9"]
[EventCountry "VEN"]
[SourceTitle "CBM 189 Extra"]
[Source "ChessBase"]
[SourceDate "2019.06.03"]
[SourceVersion "1"]
[SourceVersionDate "2019.06.03"]
[SourceQuality "1"]

1. e4 c5 2. Nf3 d6 3. Bb5+ Nd7 4. d4 cxd4 5. Qxd4 a6 6. Bxd7+ Bxd7 7. c4 Qa5+ 8. Nc3 Rc8 9. Be3 b5 10. cxb5 Bxb5 11. b4 Qa3 12. Nxb5 axb5 13. 0-0 e5 14. Qd5 Qxb4 15. Ng5 Nh6 16. Rac1 Rc4 17. Qa8+ Ke7 18. Qb7+ Kf6 19. f4 Rxc1 20. fxe5+ Kg6 21. Rxc1 dxe5 22. Nf3 f6 23. Qc6 Bd6 24. Nh4+ Kh5 25. Bxh6 gxh6 26. Nf5 Be7 27. Qe6 Bc5+ 28. Kh1 Kg5 29. Qf7 Bf8 30. h4+ Kg4 31. Ne3+ Kg3 32. Nf1+ Kg4 33. Qe6+ Kh5 34. Qf5+ Kxh4 35. g3# 1-0

[Event "Barquisimeto Steinitz Memorial"]
[Site "Barquisimeto"]
[Date "2017.08.18"]
[Round "1"]
[White "Mendoza Aguilar, Gustavo Andres"]
[Black "Singer Gimenez, Richard Bernardo"]
[Result "1-0"]
[WhiteElo "2138"]
[BlackElo "1633"]
[PlyCount "47"]
[EventDate "2017.08.18"]
[EventType "swiss"]
[EventRounds "6"]
[EventCountry "VEN"]
[SourceTitle "CBM 180 Extra"]
[Source "ChessBase"]
[SourceDate "2017.10.06"]
[SourceVersion "1"]
[SourceVersionDate "2017.10.06"]
[SourceQuality "1"]

1. e4 c5 2. Nf3 d6 3. Nc3 a6 4. d4 cxd4 5. Nxd4 Nf6 6. f4 Nc6 7. Nxc6 bxc6 8. e5 dxe5 9. Qxd8+ Kxd8 10. fxe5 Nd5 11. Bd2 Bf5 12. 0-0-0 Kc7 13. Na4 e6 14. a3 a5 15. Be2 Be7 16. Rhf1 h5 17. c4 Nb6 18. Nxb6 Kxb6 19. Be3+ Kc7 20. Bd3 Bxd3 21. Rxf7 Kd8 22. Rxd3+ Ke8 23. Rxg7 Rd8 24. Rxe7+ 1-0

[Event "Falcon Garcia Memorial 9th"]
[Site "Falcon"]
[Date "2014.11.07"]
[Round "3"]
[White "Oropeza Chirinos, Ramon Jose"]
[Black "Mendoza Aguilar, Gustavo Andres"]
[Result "0-1"]
[WhiteElo "1784"]
[BlackElo "2176"]
[PlyCount "42"]
[EventDate "2014.11.06"]
[EventType "swiss"]
[EventRounds "7"]
[EventCountry "VEN"]
[SourceTitle "CBM 163 Extra"]
[Source "ChessBase"]
[SourceDate "2014.12.23"]
[SourceVersion "1"]
[SourceVersionDate "2014.12.23"]
[SourceQuality "1"]

1. d4 e6 2. c4 Nf6 3. g3 d5 4. Nf3 Be7 5. Bg2 0-0 6. 0-0 dxc4 7. Qc2 a6 8. Qxc4 b5 9. Qc2 Bb7 10. Bd2 Be4 11. Qc1 Bb7 12. Qc2 Be4 13. Qc1 b4 14. Bf4 Bd6 15. Bg5 Nbd7 16. Nbd2 Bb7 17. e4 e5 18. Re1 h6 19. dxe5 Nxe5 20. Bxf6 Qxf6 21. Nd4 Nd3 0-1

[Event "VEN-ch qual 2nd Cojedes"]
[Site "San Carlos"]
[Date "2014.08.15"]
[Round "3"]
[White "Perdomo Araujo, Angel Eduardo"]
[Black "Mendoza Aguilar, Gustavo Andres"]
[Result "1/2-1/2"]
[WhiteElo "2048"]
[BlackElo "2132"]
[PlyCount "98"]
[EventDate "2014.08.14"]
[EventType "swiss"]
[EventRounds "7"]
[EventCountry "VEN"]
[SourceTitle "EXT 2018"]
[Source "ChessBase"]
[SourceDate "2017.10.13"]
[SourceVersion "1"]
[SourceVersionDate "2017.10.13"]
[SourceQuality "1"]

1. a3 e6 2. d4 d5 3. Nf3 Nf6 4. c4 b6 5. cxd5 exd5 6. Nc3 Bb7 7. g3 Nbd7 8. Bg2 a6 9. 0-0 Bd6 10. Nd2 0-0 11. e4 dxe4 12. Ndxe4 Nxe4 13. Nxe4 Be7 14. Nf6+ Nxf6 15. Bxb7 Ra7 16. Bc6 Bd6 17. Bg5 h6 18. Bd2 Nd7 19. Bxh6 gxh6 20. Qg4+ Kh8 21. Bxd7 c5 22. dxc5 bxc5 23. Bf5 Qg5 24. Qf3 Qf6 25. Rad1 Be5 26. b3 Bd4 27. Rfe1 Re7 28. Rxe7 Qxe7 29. b4 Rd8 30. bxc5 Bxc5 31. Rxd8+ Qxd8 32. Bd3 Kg7 33. Bxa6 Qd4 34. Bf1 Qa4 35. Qc3+ Bd4 36. Qb4 Qa7 37. Qd2 Bc5 38. Qb2+ f6 39. Bc4 Bxa3 40. Qe2 Qd7 41. Be6 Qe8 42. Qg4+ Qg6 43. Qf3 Qb1+ 44. Kg2 Bd6 45. Bb3 Qg6 46. Qb7+ Kf8 47. Qc8+ Qe8 48. Qc4 Qg6 49. Qc8+ Qe8 1/2-1/2

[Event "VEN-ch qual 2nd Cojedes"]
[Site "San Carlos"]
[Date "2014.08.14"]
[Round "2"]
[White "Mendoza Aguilar, Gustavo Andres"]
[Black "Zavala Arevalo, Vicencio Noel"]
[Result "1/2-1/2"]
[WhiteElo "2132"]
[BlackElo "2064"]
[PlyCount "73"]
[EventDate "2014.08.14"]
[EventType "swiss"]
[EventRounds "7"]
[EventCountry "VEN"]
[SourceTitle "EXT 2018"]
[Source "ChessBase"]
[SourceDate "2017.10.13"]
[SourceVersion "1"]
[SourceVersionDate "2017.10.13"]
[SourceQuality "1"]

1. d4 Nf6 2. c4 e5 3. dxe5 Ng4 4. Bf4 Nc6 5. Nf3 Bb4+ 6. Nc3 Qe7 7. Qd5 Bxc3+ 8. bxc3 Qa3 9. Rc1 f6 10. exf6 Nxf6 11. Qd2 0-0 12. Bxc7 Ne4 13. Qd5+ Kh8 14. Rc2 d6 15. e3 Bf5 16. Bd3 Nxc3 17. Bxd6 Nb4 18. Qd4 Nxc2+ 19. Bxc2 Qc1+ 20. Bd1 Bc2 21. Bxf8 Rxf8 22. 0-0 Bxd1 23. Qd6 Re8 24. Ne5 Kg8 25. Qc7 Rf8 26. Qd7 h6 27. Qe6+ Kh7 28. Qg6+ Kg8 29. Nd7 Ne2+ 30. Kh1 Rxf2 31. Qe8+ Kh7 32. Qe4+ Kh8 33. Qe8+ Kh7 34. Nf8+ Kh8 35. Ne6+ Kh7 36. Nf8+ Kh8 37. Ne6+ 1/2-1/2